| 000 | 00800nam2a2200205 4500 | ||
|---|---|---|---|
| 001 | RU\NLR\PER_A\002712606_001540 | ||
| 005 | 20250715165659.0 | ||
| 035 | _a(NLR Aleph) 022575474 | ||
| 090 |
_a13447477 _c13447477 |
||
| 100 | _a20250627d2025 |||y0rusy50 ca | ||
| 101 | 0 | _arus | |
| 102 | _aRU | ||
| 200 | 0 | _a2025, № 1 | |
| 210 | _d2025 | ||
| 461 | 0 |
_1001RU\NLR\INFOCOMM16\1000033060 _12001#$aДетское творчество$eИл. журн.$fУчредитель: Ред. журн. "Нар. образование"$v2025, № 1 _91804938 _cМ. _d1997- _fУчредитель: Ред. журн. "Нар. образование" _oИл. журн. _tДетское творчество _x1607-3991 _v2025, № 1 |
|
| 852 |
_aNLR _jП29/772 |
||
| 942 | _cISSUE | ||
| 980 | _aNB | ||
| 980 | _aRUSPER | ||